00389nam a2200145 a 4500008004100000050001400041100001900055245003400074246002800108260003700136300002100173350000900194650001500203650002500218080109s1974 ||||||||||||||||| || u aHD 31 Pai aPaine, Frank T10aStrategy and policy formation aan integrative approach aPhiladelphiabW.B. Sondersc1974 axi, 296p. : ill. a0.00 0aMANAGEMENT aSTRATEGIC MANAGEMENT